000 00696nam a2200217Ia 4500
008 191130s2000##################000#0#eng##
020 _a9780761964025
022 _a131318
040 _aACL
_cACL
082 _a302.35 STR
100 _aStrati, Antonio
245 _aTheory and method in organization studies : paradigms and choices
_cAntonio Strati
250 _a1st UK ed
260 _aThousand Oaks, CA
_bSage
_c2000
300 _axiv, 233 p. ; 24 cm.
500 _aIncludes bibliographical references (p. [204]-227) and index. Translated from the Italian
650 _aOrganizational sociology
990 _affb4aa6fac10000c2ea8183e106e4d35
991 _a134052
999 _c298162
_d298162